Handbook of population and development in India (Record no. 8130)
[ view plain ]
| 000 -LEADER | |
|---|---|
| fixed length control field | 00469nam a2200169Ia 4500 |
| 020 ## - INTERNATIONAL STANDARD BOOK NUMBER | |
| ISBN | 9780198069294 |
| 082 ## - DEWEY DECIMAL CLASSIFICATION NUMBER | |
| Classification number | 363.90954 HAN- |
| 245 #0 - TITLE STATEMENT | |
| Title | Handbook of population and development in India |
| 260 ## - PUBLICATION, DISTRIBUTION, ETC. (IMPRINT) | |
| Place of publication | New Delhi |
| Name of publisher | Oxford University Press |
| Year of publication | 2010 |
| 300 ## - PHYSICAL DESCRIPTION | |
| Number of Pages | xv, 240 |
| 440 ## - SERIES STATEMENT/ADDED ENTRY--TITLE | |
| Title | Oxford India handbooks |
| 650 ## - SUBJECT ADDED ENTRY--TOPICAL TERM | |
| Topical Term | INDIA:POPULATION-HANDBOOK,MANUALS,ETC. |
| 700 ## - ADDED ENTRY--PERSONAL NAME | |
| Personal name | Ved, Rajani R. |
| 700 ## - ADDED ENTRY--PERSONAL NAME | |
| Personal name | Panda, Pradeep |
| 700 ## - ADDED ENTRY--PERSONAL NAME | |
| Personal name | Shiva Kumar, A.K. |
| 942 ## - ADDED ENTRY ELEMENTS (KOHA) | |
| Koha item type | Books |
| Withdrawn status | Lost status | Damaged status | Not for loan | Home library | Current library | Date acquired | Source of acquisition | Bill Date | Full call number | Accession Number | Price effective from | Koha item type |
|---|---|---|---|---|---|---|---|---|---|---|---|---|
| NASSDOC Library | NASSDOC Library | 03/07/2013 | Gifted by : M.S. Secretariat, ICSSR | 2013-05-07 | 363.90954 HAN- | 48214 | 18/04/2019 | Books |
